| 000 | 00816nam a22002057a 4500 | ||
|---|---|---|---|
| 005 | 20150626112029.0 | ||
| 008 | 150626b mx||||| |||| 00| 0 spa d | ||
| 020 | _a9786074687101 | ||
| 050 | 0 | 4 |
_aK3370.A2 _bT73 2014 |
| 111 | 2 |
_aTrabajos de la Cunbre de Presidentes, Constitucionales y Regionales _cMéxico, 2012 |
|
| 245 | 1 | 0 |
_aUn diálogo entre Jueces / _ccoords. Carlos Pérez Vázquez, Javier Hernández Valencia |
| 250 | _a1a ed. | ||
| 260 |
_aMéxico : _bSuprema Corte de Justicia de la Nación, ONU, _bNaciones Uniodas, _c2014 |
||
| 300 |
_ap v : _c29 cm. |
||
| 650 | 4 |
_aTribunales Constitucionales _vCongresos |
|
| 650 | 4 |
_aTribunales Constitucionales (Jueces) _xDiálogos _vCongresos |
|
| 700 | 1 |
_aPérez Vazquez, Carlos., _ecoord. |
|
| 700 | 1 |
_aHernández Valencia, Javier., _ecoord. |
|
| 942 |
_2lcc _cLIB |
||
| 999 |
_c96309 _d96309 |
||